Hellen Mirren Movies - Statistics

General Stats
  • This quiz has been taken 18 times
  • The average score is 6 of 15
Answer Stats
Description Movie % Correct
After the death of Princess Diana, Queen Elizabeth and Tony Blair struggle to respond to the public. The Queen
86%
A magical sword starts off in the hands of British lord Uther Pendragon and then, years later, finds its way to Arthur. Excalibur
57%
A great director makes a daring choice for his next project. Hitchcock
57%
A retired CIA agent reassembles his old team for a an all-out wall. RED
57%
An ageing king of England is exhibiting signs of madness. The Madness of King George
50%
Sixty years after fleeing Vienna, Maria Altman attempts to reclaim her family possessions that were seized by the Nazis. Woman In Gold
43%
In 1947, a screenwriter and other Hollywood figures get blacklisted for their political beliefs. Trumbo
36%
The rise and fall of a famous Roman Emperor. Caligula
29%
A lieutenant general and a colonel face political opposition after ordering a drone missile strike to take out a group of suicide bombers in Nairobi. Eye In The Sky
29%
In 1965, a young Mossad agent and two comrades are involved in a secret mission to capture a Nazi war criminal known as the Surgeon of Birkenau. The Debt
29%
A fames novelist and his wife vehemently disagree over the rights to Tolstoy's literary legacy. The Last Station
29%
When Hassan Kadamnd his family are displaced from their native India and settle in a quaint French village, they decide to open an Indian eatery. The Hundred-Foot Journey
21%
After the death of her best friend's husband from cancer, spirited Yorkshire housewife Chris Harper hatches a scheme to raise money for a memorial to him. Calendar Girls
14%
A churlish mobster acquires an upscale French restaurant in London. The Cook, the Thief, His Wife & Her Lover
7%
A gangster has big plans to get the American Mafia to bankroll his transformation of a derelict area of London into the possible venue for a future Olympic Games. The Long Good Friday
7%
No matching quizzes found
Score Distribution
Percent of People with Each Score
Percentile by Number Answered
Your Score History
You have not taken this quiz